000 01461cam a22003857a 4500
003 CHAP
005 20220329142010.0
008 981208d1998 mx a r 00110 spa d
010 _a76832
011 _a77804
035 _a87492
040 _cCHAP
090 _aTesis
100 0 0 _aCruz Hernández, Miguel Angel.
_929431
245 1 0 _aArreglos topológicos en frijol (Phaseolus vulgaris L.) y su efecto en el rendimiento, plagas, enfermedades y maleza, en Chapingo, México
_c/por Miguel Angel Cruz Hernández
260 _aChapingo, Méx. :
_bEl autor,
_c1998.
300 _a59 h. :
_bilus. ; cuadros ; gráfs.
502 _aTesis (Ing. Agr. Esp. en Parasitología Agrícola) -- UACH. Departamento de Parasitología Agrícola
590 _aALEPH
_b10
_c20130110
_lUCH01
_h1426
590 _aBATCH-UPD
_b10
_c20130110
_lUCH01
_h0249
590 _aBATCH-UPD
_b10
_c20130110
_lUCH01
_h1202
590 _aBATCH-UPD
_b10
_c20130409
_lUCH01
_h2319
590 _aBATCH-UPD
_b10
_c20130914
_lUCH01
_h1105
590 _aCONVERSION
_b10
_c20130109
_lUCH01
_h1342
650 1 4 _aFrijol
_xEnfermedades.
_943367
650 1 4 _aFrijol
_xEspaciamiento.
_943373
650 1 4 _aFrijol
_xMalas hierbas.
_943400
650 1 4 _aFrijol
_xPlagas.
_943415
650 1 4 _aFrijol
_xRendimiento.
_943429
901 _aBK
905 _aAlejandra Carrasco M.
942 _cFOLL
949 _bBC
_cTES
_d33724000706172
_eTS2
_fc.2
_h33086
_i87492
_si
949 _bBC
_cTES
_d874921
_eTS1
_h33085
_i87492
_sb
999 _c76832
_d76832